[Event "GER-chT U12"]
[Site "Verden"]
[Date "2014.12.29"]
[Round "6.4"]
[White "Wong, Kar Yan"]
[Black "Garbuz, Nicole"]
[Result "1-0"]
[WhiteElo "1312"]
[BlackElo "1440"]
[PlyCount "61"]
[EventDate "2014.12.27"]
[EventType "team-swiss"]
[EventRounds "7"]
[EventCountry "GER"]
[SourceTitle "EXT 2016"]
[Source "ChessBase"]
[SourceDate "2015.10.08"]
[SourceVersion "1"]
[SourceVersionDate "2015.10.08"]
[SourceQuality "1"]
[WhiteTeam "Dresden Leuben"]
[BlackTeam "Brackel"]
[WhiteTeamCountry "GER"]
[BlackTeamCountry "GER"]

1. Nf3 Nc6 2. d4 d5 3. e3 e6 4. c3 Nf6 5. Bd3 Be7 6. Nbd2 a6 7. 0-0 0-0 8. Qe2 b5 9. e4 dxe4 10. Nxe4 Bb7 11. Nxf6+ Bxf6 12. Qe4 g6 13. Qg4 Re8 14. Bc2 Nb8 15. Ne5 Bxe5 16. dxe5 Nd7 17. Bg5 Nxe5 18. Qf4 Qd5 19. f3 Qc5+ 20. Kh1 Nd7 21. Rad1 Bc6 22. Bh6 Qe5 23. Qh4 Qh5 24. Qxh5 gxh5 25. Rd4 Nf6 26. Be4 Bd5 27. Bxd5 Nxd5 28. g4 c5 29. Re4 Nf6 30. Re5 hxg4 31. Rg5+ 1-0

[Event "GER-chT U12"]
[Site "Verden"]
[Date "2014.12.28"]
[Round "4.4"]
[White "Gallasch, Robin"]
[Black "Wong, Kar Yan"]
[Result "1/2-1/2"]
[WhiteElo "1096"]
[BlackElo "1312"]
[PlyCount "76"]
[EventDate "2014.12.27"]
[EventType "team-swiss"]
[EventRounds "7"]
[EventCountry "GER"]
[SourceTitle "EXT 2016"]
[Source "ChessBase"]
[SourceDate "2015.10.08"]
[SourceVersion "1"]
[SourceVersionDate "2015.10.08"]
[SourceQuality "1"]
[WhiteTeam "Porz SG"]
[BlackTeam "Dresden Leuben"]
[WhiteTeamCountry "GER"]
[BlackTeamCountry "GER"]

1. Nf3 g6 2. c4 Bg7 3. Nc3 Nf6 4. g3 c6 5. Bg2 0-0 6. d3 d5 7. e3 dxc4 8. dxc4 Qxd1+ 9. Nxd1 Be6 10. b3 Na6 11. Ba3 Rfe8 12. 0-0 Rad8 13. Nd4 Bc8 14. Nc3 Ng4 15. Rad1 c5 16. Nde2 Nf6 17. Nb5 Bg4 18. Rxd8 Rxd8 19. Nec3 Nb4 20. Nxa7 b6 21. h3 Bf5 22. e4 Be6 23. Nc6 Nxc6 24. Re1 Nd4 25. Rc1 Nd7 26. Kf1 Ne5 27. f4 Nef3 28. Bb2 Bh6 29. Kf2 Ne5 30. Rd1 Nec6 31. Rd2 Bc8 32. Na4 e5 33. Nxb6 exf4 34. gxf4 Bxf4 35. Rd1 f5 36. h4 fxe4 37. Bxe4 Rf8 38. Kg1 Re8 1/2-1/2

[Event "GER-chT U12"]
[Site "Verden"]
[Date "2014.12.27"]
[Round "2.4"]
[White "Wong, Kar Yan"]
[Black "Peters, Malte"]
[Result "1-0"]
[WhiteElo "1312"]
[BlackElo "866"]
[PlyCount "115"]
[EventDate "2014.12.27"]
[EventType "team-swiss"]
[EventRounds "7"]
[EventCountry "GER"]
[SourceTitle "EXT 2016"]
[Source "ChessBase"]
[SourceDate "2015.10.08"]
[SourceVersion "1"]
[SourceVersionDate "2015.10.08"]
[SourceQuality "1"]
[WhiteTeam "Dresden Leuben"]
[BlackTeam "Harksheide"]
[WhiteTeamCountry "GER"]
[BlackTeamCountry "GER"]

1. e4 e5 2. Nf3 Nf6 3. Nc3 Nc6 4. Bb5 Bb4 5. d3 d6 6. a3 Bxc3+ 7. bxc3 Bg4 8. Bg5 Qe7 9. Qe2 0-0 10. Qe3 Qe6 11. Bc4 d5 12. Bb3 Rfd8 13. h3 Bh5 14. exd5 Nxd5 15. Bxd8 Nxe3 16. Bxe6 Nxc2+ 17. Kd2 Nxa1 18. Bxc7 fxe6 19. Rxa1 Bxf3 20. gxf3 Rc8 21. Bd6 Na5 22. Rb1 Rd8 23. Bc7 Nc4+ 24. Ke2 Rc8 25. Rxb7 Nxa3 26. Bxe5 a5 27. Rxg7+ Kf8 28. Ra7 Nb5 29. Rxa5 Nxc3+ 30. Bxc3 Rxc3 31. Ra7 Kg8 32. Re7 Rc6 33. Ke3 Rc1 34. Kf4 Re1 35. Kg5 Rg1+ 36. Kf6 Rg6+ 37. Ke5 Rg5+ 38. Ke4 Rg6 39. f4 h6 40. f5 exf5+ 41. Kxf5 Rg5+ 42. Kf4 Kf8 43. Rh7 Rh5 44. Kg4 Rd5 45. Rxh6 Rxd3 46. f4 Rd4 47. Rg6 Kf7 48. Ra6 Re4 49. Kf5 Re1 50. h4 Rh1 51. Ra7+ Kg8 52. h5 Rxh5+ 53. Kg6 Rf5 54. Kxf5 Kf8 55. Ke6 Kg8 56. Kf6 Kh8 57. Kg6 Kg8 58. Ra8# 1-0

[Event "GER-ch U12"]
[Site "Oberhof"]
[Date "2013.05.25"]
[Round "11"]
[White "Buermann, Theresia"]
[Black "Wong, Kar Yan"]
[Result "1/2-1/2"]
[WhiteElo "1187"]
[BlackElo "1189"]
[PlyCount "47"]
[EventDate "2013.05.19"]
[EventType "swiss"]
[EventRounds "11"]
[EventCountry "GER"]
[SourceTitle "CBM 154 Extra"]
[Source "ChessBase"]
[SourceDate "2013.06.25"]
[SourceVersion "2"]
[SourceVersionDate "2013.06.25"]
[SourceQuality "1"]

1. e4 e6 2. d4 d5 3. exd5 exd5 4. Qf3 Bd6 5. Bd3 c6 6. Ne2 Qf6 7. Bf4 Bxf4 8. Qxf4 Qxf4 9. Nxf4 Nf6 10. 0-0 0-0 11. Re1 Nbd7 12. c3 c5 13. Nd2 b6 14. Nf3 Bb7 15. h3 Ne4 16. Ne5 Nxe5 17. dxe5 c4 18. Bc2 Rfe8 19. f3 Nc5 20. Rad1 Rad8 21. h4 Ne6 22. Nh3 b5 23. f4 d4 24. f5 1/2-1/2

[Event "GER-ch U12"]
[Site "Oberhof"]
[Date "2013.05.22"]
[Round "6"]
[White "Riegel, Arinna"]
[Black "Wong, Kar Yan"]
[Result "1-0"]
[WhiteElo "1306"]
[BlackElo "1189"]
[PlyCount "101"]
[EventDate "2013.05.19"]
[EventType "swiss"]
[EventRounds "11"]
[EventCountry "GER"]
[SourceTitle "CBM 154 Extra"]
[Source "ChessBase"]
[SourceDate "2013.06.25"]
[SourceVersion "2"]
[SourceVersionDate "2013.06.25"]
[SourceQuality "1"]

1. e4 e6 2. d4 d5 3. exd5 exd5 4. Bd3 Bd6 5. Qf3 c6 6. Ne2 Qf6 7. Qxf6 Nxf6 8. Bf4 Bxf4 9. Nxf4 0-0 10. 0-0 Re8 11. Nc3 Bg4 12. f3 Nh5 13. fxg4 Nxf4 14. Rxf4 Nd7 15. Rf2 Re7 16. Re2 Rae8 17. Rae1 Rxe2 18. Rxe2 Rd8 19. g5 c5 20. Bb5 cxd4 21. Bxd7 dxc3 22. bxc3 h6 23. Ba4 hxg5 24. Re8+ Rxe8 25. Bxe8 Kf8 26. Ba4 Ke7 27. Kf2 Ke6 28. Ke3 Ke5 29. g4 f5 30. gxf5 Kxf5 31. Kd4 Kf4 32. h3 g4 33. hxg4 Kxg4 34. Kxd5 Kf4 35. Kd6 a6 36. Bd7 g5 37. Kc7 b5 38. Kb6 Ke3 39. Kxa6 Kd2 40. Kxb5 Kxc3 41. a4 Kxc2 42. a5 Kd3 43. a6 g4 44. Bxg4 Kd4 45. a7 Ke5 46. a8Q Kf4 47. Qf3+ Kg5 48. Be6 Kh6 49. Qg4 Kh7 50. Bf7 Kh6 51. Qg6# 1-0

[Event "GER-ch U12"]
[Site "Oberhof"]
[Date "2013.05.20"]
[Round "3"]
[White "Wong, Kar Yan"]
[Black "Duan, Muxi"]
[Result "1-0"]
[WhiteElo "1189"]
[BlackElo "929"]
[PlyCount "47"]
[EventDate "2013.05.19"]
[EventType "swiss"]
[EventRounds "11"]
[EventCountry "GER"]
[SourceTitle "CBM 154 Extra"]
[Source "ChessBase"]
[SourceDate "2013.06.25"]
[SourceVersion "2"]
[SourceVersionDate "2013.06.25"]
[SourceQuality "1"]

1. e4 e5 2. Nf3 Nc6 3. Bb5 a6 4. Bxc6 dxc6 5. 0-0 Bg4 6. d3 Nf6 7. Nbd2 Bc5 8. h3 Bh5 9. Re1 0-0 10. Nf1 Re8 11. Ng3 Bxf3 12. Qxf3 b5 13. Nf5 g6 14. Nh6+ Kh8 15. Nxf7+ Kg7 16. Nxd8 Raxd8 17. Bg5 Rf8 18. Qe2 Rf7 19. Rf1 Rdf8 20. Qd2 Ng8 21. Be3 Be7 22. d4 exd4 23. Bxd4+ Nf6 24. e5 1-0

[Event "GER-ch U12"]
[Site "Oberhof"]
[Date "2013.05.19"]
[Round "1"]
[White "Wong, Kar Yan"]
[Black "Perekhozhuk, Maksym"]
[Result "0-1"]
[WhiteElo "1189"]
[BlackElo "1749"]
[PlyCount "86"]
[EventDate "2013.05.19"]
[EventType "swiss"]
[EventRounds "11"]
[EventCountry "GER"]
[SourceTitle "CBM 154 Extra"]
[Source "ChessBase"]
[SourceDate "2013.06.25"]
[SourceVersion "2"]
[SourceVersionDate "2013.06.25"]
[SourceQuality "1"]

1. e4 c5 2. Nf3 d6 3. d4 cxd4 4. Nxd4 Nf6 5. Nc3 g6 6. Be3 Bg7 7. Bc4 0-0 8. f3 Nc6 9. Qd2 Bd7 10. 0-0-0 Rc8 11. Bb3 Nxd4 12. Bxd4 b5 13. g4 a5 14. a3 b4 15. axb4 axb4 16. Na2 Ra8 17. h4 Be6 18. Qxb4 Qd7 19. Bxe6 Qxe6 20. Nc3 Rfb8 21. Nb5 Qd7 22. c4 Qc6 23. Kb1 Qa6 24. Qa3 Qxa3 25. bxa3 Rxa3 26. Rhf1 Ra4 27. Rc1 Rb4+ 28. Ka2 Ra8+ 29. Na3 Rba4 30. Rc3 Nxe4 31. fxe4 Bxd4 32. Rd3 Bc5 33. Rff3 Rxc4 34. h5 Rxe4 35. hxg6 hxg6 36. g5 Re5 37. Rg3 Bxa3 38. Rxa3 Rxa3+ 39. Rxa3 Rxg5 40. Ra8+ Kg7 41. Ra7 Kf6 42. Kb3 Rc5 43. Ra4 e5 0-1

[Event "Sachsen-ch U12 Girls"]
[Site "Sebnitz"]
[Date "2013.04.06"]
[Round "7"]
[White "Arnhold, Steffi"]
[Black "Wong, Kar Yan"]
[Result "0-1"]
[WhiteElo "1349"]
[BlackElo "1173"]
[PlyCount "38"]
[EventDate "2013.04.02"]
[EventType "swiss"]
[EventRounds "7"]
[EventCountry "GER"]
[SourceTitle "EXT 2014"]
[Source "ChessBase"]
[SourceDate "2013.11.20"]
[SourceVersion "1"]
[SourceVersionDate "2013.11.20"]
[SourceQuality "1"]

1. e4 e6 2. d4 d5 3. Nd2 Nf6 4. e5 Nfd7 5. Ngf3 c5 6. c4 Nb6 7. cxd5 Nxd5 8. Nb3 cxd4 9. Nfxd4 a6 10. Bd3 Bc5 11. a3 Bd7 12. 0-0 Nc6 13. Nxc6 Bxc6 14. Bg5 Be7 15. Rc1 Bxg5 16. Be4 Bxc1 17. Qxc1 f5 18. Bxd5 Bxd5 19. Rd1 Qe7 0-1

[Event "Sachsen-ch U10 Girls"]
[Site "Sebnitz"]
[Date "2012.04.13"]
[Round "6"]
[White "Wong, Kar Yan"]
[Black "Brewig, Becky"]
[Result "1-0"]
[WhiteElo "957"]
[BlackElo "859"]
[PlyCount "57"]
[EventDate "2012.04.10"]
[EventType "swiss"]
[EventRounds "7"]
[EventCountry "GER"]
[SourceTitle "CBM 148 Extra"]
[Source "ChessBase"]
[SourceDate "2012.06.22"]
[SourceVersion "1"]
[SourceVersionDate "2012.06.22"]
[SourceQuality "1"]

1. e4 c5 2. Nf3 d6 3. d4 cxd4 4. Nxd4 Nf6 5. Nc3 g6 6. Be3 Bg7 7. f3 0-0 8. Bc4 Nc6 9. Qd2 Nd7 10. 0-0-0 Nb6 11. Bb3 Na5 12. g4 Nbc4 13. Qd3 Nxe3 14. Qxe3 Nxb3+ 15. Nxb3 Be6 16. Nd5 Rc8 17. h4 Qd7 18. h5 Qc6 19. Nxe7+ Kh8 20. Nxc6 bxc6 21. hxg6 fxg6 22. Qg5 Kg8 23. f4 Bc4 24. Rxd6 Be2 25. Qh4 Bf3 26. Qxh7+ Kf7 27. Rd7+ Kf6 28. Qxg7+ Ke6 29. Qe7# 1-0

[Event "Sachsen-ch U10 Girls"]
[Site "Sebnitz"]
[Date "2012.04.11"]
[Round "2"]
[White "Haag, Lea"]
[Black "Wong, Kar Yan"]
[Result "1-0"]
[WhiteElo "1156"]
[BlackElo "957"]
[PlyCount "145"]
[EventDate "2012.04.10"]
[EventType "swiss"]
[EventRounds "7"]
[EventCountry "GER"]
[SourceTitle "CBM 148 Extra"]
[Source "ChessBase"]
[SourceDate "2012.06.22"]
[SourceVersion "1"]
[SourceVersionDate "2012.06.22"]
[SourceQuality "1"]

1. e4 e6 2. d4 d5 3. e5 c5 4. Nf3 Nc6 5. c3 Qb6 6. Bd3 cxd4 7. cxd4 Nge7 8. 0-0 Bd7 9. Bc2 Nf5 10. Bxf5 exf5 11. Re1 Be7 12. a3 0-0 13. Nc3 Be6 14. Rb1 Rfe8 15. b4 f6 16. Bb2 fxe5 17. dxe5 Rad8 18. Ne2 Bf7 19. Ned4 Bh5 20. Nxf5 Rf8 21. Nxe7+ Nxe7 22. Re3 Nf5 23. Rd3 Nh4 24. Rxd5 Nxf3+ 25. Kh1 Qxf2 26. Rxd8 Nh4 27. Rxf8+ Kxf8 28. Qf1 Qxf1+ 29. Rxf1+ Ke7 30. Kg1 Ke6 31. Kf2 Ng6 32. Re1 Nf4 33. Re3 Nd5 34. Rh3 Bg6 35. b5 Nf4 36. Rb3 Nd3+ 37. Ke3 Nxb2 38. Rxb2 Kxe5 39. Rd2 Be8 40. a4 a6 41. bxa6 bxa6 42. a5 Bc6 43. g3 g6 44. h4 Kf5 45. Kf2 Kg4 46. Rd8 h5 47. Rd6 Be4 48. Rxa6 g5 49. hxg5 Kxg5 50. Rb6 h4 51. gxh4+ Kxh4 52. a6 Kg5 53. a7 Kf5 54. Ra6 Ba8 55. Ke3 Ke5 56. Kd3 Kd5 57. Kc3 Kc5 58. Kd3 Kd5 59. Rh6 Kc5 60. Rh8 Kb6 61. Rxa8 Kb7 62. Rh8 Kxa7 63. Rh6 Kb7 64. Kc4 Kc7 65. Kd5 Kb7 66. Kc5 Kc8 67. Rh7 Kd8 68. Kd6 Ke8 69. Ra7 Kf8 70. Ke6 Kg8 71. Kf6 Kh8 72. Kg6 Kg8 73. Ra8# 1-0

[Event "Sachsen-ch U10 Girls"]
[Site "Sebnitz"]
[Date "2011.04.29"]
[Round "5"]
[White "Boehle, Rebecca"]
[Black "Wong, Kar Yan"]
[Result "1-0"]
[WhiteElo "1012"]
[BlackElo "856"]
[PlyCount "95"]
[EventDate "2011.04.26"]
[EventType "swiss"]
[EventRounds "7"]
[EventCountry "GER"]
[SourceTitle "EXT 2012"]
[Source "ChessBase"]
[SourceDate "2011.11.24"]
[SourceVersion "1"]
[SourceVersionDate "2011.11.24"]
[SourceQuality "1"]

1. e4 e6 2. d4 d5 3. Nc3 Nf6 4. e5 Nfd7 5. Nf3 c5 6. dxc5 Bxc5 7. Bf4 Nc6 8. Bb5 Qb6 9. Rb1 Bxf2+ 10. Kf1 Bc5 11. Qe2 a6 12. b4 Be7 13. Bxc6 bxc6 14. a3 a5 15. Be3 Qc7 16. Kf2 axb4 17. axb4 Nxe5 18. Bf4 Bd6 19. Nxe5 f6 20. Qh5+ Ke7 21. Qf7+ Kd8 22. Qxc7+ Bxc7 23. Nf7+ Ke7 24. Nxh8 Bxf4 25. Ne2 Bc7 26. b5 Bb6+ 27. Kf3 Bd7 28. bxc6 Bxc6 29. Rxb6 Bd7 30. Nf4 Rxh8 31. Re1 e5 32. Nxd5+ Kd8 33. c4 Bc6 34. Rxc6 Kd7 35. Ra6 Rc8 36. Nb6+ Kc7 37. Nxc8 Kxc8 38. c5 Kb7 39. Re6 Kc7 40. c6 Kb8 41. Rc1 Kc7 42. Re7+ Kd8 43. Rxg7 Kc8 44. c7 h5 45. Rg8+ Kb7 46. c8Q+ Ka7 47. Qb8+ Ka6 48. Ra1# 1-0